00551nam a2200205Ia 450000500170000000800410001702000180005804000190007604100120009508200130010710000180012024500580013826000350019630000140023144000280024550400190027365000230029265100200031585000100033520240502103430.0131103s9999 xx 000 0 und d a0 333 40488 2 aLoreto College aEnglish a428bBUR aBurton, S. H. aWork out English literature ' a level 'cS. H. Burton aGreat BritainbMacmillanc1986 axi,136p.  aMacmillan master series aIncludes index aEnglish literature aEnglish readers aLCBED